[Event "WchT Blitz Pool B"]
[Site "London"]
[Date "2025.06.14"]
[Round "4.4"]
[White "Lishoy Gengis Paratazham, Dildarav"]
[Black "Mamedov, Rauf"]
[Result "0-1"]
[WhiteElo "2084"]
[BlackElo "2657"]
[PlyCount "160"]
[EventDate "2025.06.14"]
[EventType "team-tourn"]
[EventRounds "13"]
[EventCountry "ENG"]
[SourceTitle "CB25_2025"]
[SourceDate "2025.06.18"]
[SourceVersion "1"]
[SourceVersionDate "2025.06.18"]
[SourceQuality "1"]
[WhiteTeam "Sassy Seniors"]
[BlackTeam "Freedom"]
[WhiteTeamCountry "ENG"]
[BlackTeamCountry "IND"]

1. e4 c5 2. d3 g6 3. g3 Bg7 4. Bg2 Nc6 5. f4 d6 6. Nf3 Nf6 7. 0-0 c4 8. Kh1 cxd3 9. cxd3 Bg4 10. Nc3 h5 11. h3 h4 12. hxg4 hxg3+ 13. Kg1 Nxg4 14. d4 Nh2 15. Re1 Nxf3+ 16. Qxf3 Nxd4 17. Qd1 Qb6 18. Be3 Qxb2 19. Bxd4 Rc8 20. Rb1 Bxd4+ 21. Qxd4 Qxc3 22. Qxc3 Rxc3 23. Rxb7 Kf8 24. Rxa7 Rh2 25. Bf1 Rcc2 26. a4 g2 27. Bxg2 Rhxg2+ 28. Kh1 Rh2+ 29. Kg1 Rcg2+ 30. Kf1 Ra2 31. Kg1 Rhg2+ 32. Kh1 Rg4 33. a5 Rxf4 34. a6 Rf3 35. Rc1 g5 36. Ra8+ Kg7 37. a7 g4 38. Kg1 Rg3+ 39. Kh1 Rb3 40. Kg1 Rb7 41. Rac8 Rbxa7 42. R8c3 R7a4 43. Re1 R2a3 44. Rc2 Rg3+ 45. Kh1 Ra8 46. Rg2 Rxg2 47. Kxg2 Ra3 48. Kf2 Kf6 49. Kg2 Ke5 50. Rf1 f6 51. Re1 Ra4 52. Kg3 Rxe4 53. Rb1 d5 54. Rb3 e6 55. Rc3 f5 56. Rb3 Kf6 57. Rb2 Kg5 58. Rc2 f4+ 59. Kg2 Re2+ 60. Rxe2 f3+ 61. Kf2 fxe2 62. Kxe2 Kf4 63. Kd3 g3 64. Kd4 g2 65. Kc5 g1Q+ 66. Kd6 Kf5 67. Kc6 d4 68. Kd6 d3 69. Kc6 d2 70. Kc7 d1Q 71. Kb7 e5 72. Kc7 e4 73. Kb7 e3 74. Kc7 e2 75. Kb7 e1Q 76. Ka6 Qee2+ 77. Kb7 Qgg2+ 78. Kb6 Qd4+ 79. Kc7 Qee5+ 80. Kc8 Qa8# 0-1

[Event "WchT Blitz Pool B"]
[Site "London"]
[Date "2025.06.14"]
[Round "1.4"]
[White "Yu, Rock"]
[Black "Mamedov, Rauf"]
[Result "0-1"]
[WhiteElo "2057"]
[BlackElo "2657"]
[PlyCount "74"]
[EventDate "2025.06.14"]
[EventType "team-tourn"]
[EventRounds "13"]
[EventCountry "ENG"]
[SourceTitle "CB25_2025"]
[SourceDate "2025.06.18"]
[SourceVersion "1"]
[SourceVersionDate "2025.06.18"]
[SourceQuality "1"]
[WhiteTeam "UK Challenge Masters"]
[BlackTeam "Freedom"]
[WhiteTeamCountry "ENG"]
[BlackTeamCountry "IND"]

1. c4 g6 2. Nc3 c5 3. Nf3 Bg7 4. e3 Nf6 5. d4 cxd4 6. exd4 d5 7. c5 Nc6 8. Bb5 0-0 9. 0-0 Bg4 10. Bxc6 bxc6 11. Bf4 Nd7 12. h3 Bxf3 13. Qxf3 Bxd4 14. Rad1 Bg7 15. b4 e5 16. Bd2 e4 17. Qe2 Re8 18. Qa6 Qc8 19. Qxc8 Raxc8 20. Ne2 Ne5 21. Bc3 Nd3 22. Bxg7 Kxg7 23. a3 a5 24. Nc1 Nxc1 25. Rxc1 axb4 26. axb4 Rb8 27. Rb1 Rb5 28. Rb3 Ra8 29. f3 f5 30. g4 Rab8 31. gxf5 Rxb4 32. f6+ Kf7 33. Ra3 exf3 34. Rfxf3 Rb1+ 35. Kg2 R8b2+ 36. Kg3 Rg1+ 37. Kh4 Rb4+ 0-1

[Event "WchT Rapid"]
[Site "London"]
[Date "2025.06.11"]
[Round "2.1"]
[White "Hong, Andrew Z"]
[Black "Mamedov, Rauf"]
[Result "0-1"]
[WhiteElo "2547"]
[BlackElo "2617"]
[PlyCount "98"]
[EventDate "2025.06.11"]
[EventType "team-swiss"]
[EventRounds "12"]
[EventCountry "ENG"]
[SourceTitle "CB25_2025"]
[SourceDate "2025.06.18"]
[SourceVersion "1"]
[SourceVersionDate "2025.06.18"]
[SourceQuality "1"]
[WhiteTeam "FIDE MB Team"]
[BlackTeam "Freedom"]
[BlackTeamCountry "IND"]

1. c4 c5 2. Nf3 g6 3. g3 Bg7 4. Bg2 Nc6 5. Nc3 e6 6. d3 Nge7 7. Qd2 b6 8. b3 Bb7 9. Bb2 Nd4 10. Ne4 d5 11. cxd5 exd5 12. Nxd4 dxe4 13. Nb5 e3 14. Qxe3 Bxb2 15. Bxb7 Bxa1 16. Bxa8 a6 17. 0-0 Bg7 18. Qe4 axb5 19. Bc6+ Kf8 20. Bxb5 Nf5 21. e3 Bf6 22. Qf3 Kg7 23. Rc1 Qa8 24. Qxa8 Rxa8 25. a4 Bb2 26. Rc2 Ba3 27. Kf1 Bb4 28. Ke2 Ra7 29. g4 Nd6 30. Bc6 f5 31. h3 Re7 32. f4 g5 33. Kf3 gxf4 34. Kxf4 fxg4 35. hxg4 Nf7 36. Be4 h6 37. Bf5 Ng5 38. e4 Nf7 39. Ke3 Re8 40. d4 cxd4+ 41. Kxd4 Ne5 42. Rc7+ Kf6 43. Ke3 Rd8 44. Rb7 Rd6 45. Ke2 Kg5 46. Bc8 Kf4 47. Rh7 Rd2+ 48. Kf1 Kg3 49. Ba6 Rf2+ 0-1

[Event "WchT Rapid"]
[Site "London"]
[Date "2025.06.11"]
[Round "1.2"]
[White "Wanyama, Harold"]
[Black "Mamedov, Rauf"]
[Result "0-1"]
[WhiteElo "2246"]
[BlackElo "2617"]
[PlyCount "60"]
[EventDate "2025.06.11"]
[EventType "team-swiss"]
[EventRounds "12"]
[EventCountry "ENG"]
[SourceTitle "CB25_2025"]
[SourceDate "2025.06.18"]
[SourceVersion "1"]
[SourceVersionDate "2025.06.18"]
[SourceQuality "1"]
[WhiteTeam "Mother Continent"]
[BlackTeam "Freedom"]
[WhiteTeamCountry "RSA"]
[BlackTeamCountry "IND"]

1. d4 Nf6 2. c4 g6 3. Nc3 Bg7 4. e4 d6 5. f3 0-0 6. Be3 c5 7. Nge2 Nc6 8. dxc5 dxc5 9. Qxd8 Rxd8 10. Rd1 Be6 11. Nd5 Nd7 12. Nec3 Kf8 13. Be2 Nd4 14. Bxd4 Bxd4 15. Nb5 Bxb2 16. Rb1 Be5 17. Nbc7 Rab8 18. f4 Bxd5 19. Nxd5 Bd4 20. f5 e6 21. fxe6 fxe6 22. Rf1+ Ke8 23. Nc7+ Ke7 24. Bg4 Ne5 25. Be2 a6 26. Rb6 Rd6 27. Rb1 Kd7 28. Na8 Rxa8 29. Rxb7+ Kc6 30. Rxh7 Rb8 0-1

[Event "FRA-chT Top 16 Haute"]
[Site "Belfort"]
[Date "2025.06.01"]
[Round "4.3"]
[White "Mamedov, Rauf"]
[Black "Harikrishna, Pentala"]
[Result "1/2-1/2"]
[WhiteElo "2657"]
[BlackElo "2707"]
[PlyCount "96"]
[EventDate "2025.05.29"]
[EventType "team-tourn"]
[EventRounds "4"]
[EventCountry "FRA"]
[SourceTitle "CB23_2025"]
[SourceDate "2025.06.04"]
[SourceVersion "1"]
[SourceVersionDate "2025.06.04"]
[SourceQuality "1"]
[WhiteTeam "Chartres"]
[BlackTeam "Asnieres"]
[WhiteTeamCountry "FRA"]
[BlackTeamCountry "FRA"]

1. e4 e5 2. Nf3 Nc6 3. Bc4 Nf6 4. d3 Be7 5. Nc3 d6 6. a4 0-0 7. 0-0 Bg4 8. h3 Bxf3 9. Qxf3 Nd4 10. Qd1 c6 11. Ba2 Ne6 12. Be3 Qc7 13. Qf3 a5 14. g3 Rad8 15. Qg2 d5 16. exd5 Nd4 17. Rac1 Bb4 18. Rfe1 cxd5 19. Bxd4 exd4 20. Nb5 Qc6 21. c3 dxc3 22. bxc3 Bd6 23. c4 dxc4 24. Qxc6 bxc6 25. Nxd6 Rxd6 26. Bxc4 Nd5 27. Re5 Rfd8 28. Bxd5 Rxd5 29. Rxd5 Rxd5 30. Rxc6 h5 31. h4 g6 32. Kf1 Rxd3 33. Rc5 Ra3 34. Rxa5 Ra2 35. Kg2 Ra3 36. Ra6 Kg7 37. Kf1 Ra2 38. Kg1 Ra1+ 39. Kg2 Ra3 40. a5 Kf8 41. Ra7 Kg7 42. Ra6 Kf8 43. Ra8+ Kg7 44. a6 Kf6 45. Ra7 Ke6 46. Kf1 Ra2 47. Ra8 Kf5 48. Kg2 Ra3 1/2-1/2

[Event "FRA-chT Top 16 Haute"]
[Site "Belfort"]
[Date "2025.05.30"]
[Round "2.1"]
[White "Mamedov, Rauf"]
[Black "Pranav, V."]
[Result "1-0"]
[WhiteElo "2657"]
[BlackElo "2621"]
[PlyCount "103"]
[EventDate "2025.05.29"]
[EventType "team-tourn"]
[EventRounds "4"]
[EventCountry "FRA"]
[SourceTitle "CB23_2025"]
[SourceDate "2025.06.04"]
[SourceVersion "1"]
[SourceVersionDate "2025.06.04"]
[SourceQuality "1"]
[WhiteTeam "Chartres"]
[BlackTeam "Grasse Echecs"]
[WhiteTeamCountry "FRA"]
[BlackTeamCountry "FRA"]

1. e4 e5 2. Nf3 Nc6 3. Bc4 Nf6 4. d3 Be7 5. Nc3 d6 6. a4 0-0 7. 0-0 Bg4 8. h3 Bxf3 9. Qxf3 Nd4 10. Qd1 c6 11. Ba2 Ne6 12. Be3 Qc7 13. Qf3 Rad8 14. Rae1 a6 15. h4 b5 16. axb5 axb5 17. Ne2 d5 18. h5 Rfe8 19. Bb3 Qd7 20. h6 g6 21. Ra1 Ra8 22. exd5 cxd5 23. d4 exd4 24. Rxa8 Rxa8 25. Nxd4 Nc5 26. Rd1 Rd8 27. Bg5 Nce4 28. Bxf6 Nxf6 29. Re1 Re8 30. g3 Kf8 31. Kg2 b4 32. Ra1 Qd6 33. Re1 Bd8 34. Rxe8+ Kxe8 35. Ne2 Qe5 36. Nf4 Qe4 37. Bxd5 Qxc2 38. Nd3 Qc7 39. Nxb4 Qd6 40. Qb3 Be7 41. Bxf7+ Kf8 42. Nd3 Ng4 43. Bd5 Nxh6 44. Nf4 Qb4 45. Qe3 Qd6 46. Qc3 Bf6 47. Qc8+ Ke7 48. Be6 Qd4 49. Nd5+ Kd6 50. Nxf6 Qxf6 51. Qd7+ Kc5 52. Qd5+ 1-0

[Event "Chessable Masters Play In"]
[Site "Chess.com INT"]
[Date "2025.02.17"]
[Round "8"]
[White "Mamedov, Rauf"]
[Black "Santos Latasa, Jaime"]
[Result "1-0"]
[WhiteElo "2656"]
[BlackElo "2631"]
[PlyCount "67"]
[EventDate "2025.02.17"]
[EventType "swiss (blitz)"]
[EventRounds "9"]
[EventCountry "USA"]
[SourceTitle "CB08_2025"]
[SourceDate "2025.02.19"]
[SourceVersion "1"]
[SourceVersionDate "2025.02.19"]
[SourceQuality "1"]

1. e4 c5 2. c3 Nf6 3. e5 Nd5 4. Bc4 Nb6 5. Bb3 d5 6. exd6 Qxd6 7. Na3 a6 8. Ne2 Nc6 9. 0-0 Be6 10. d4 cxd4 11. Bf4 Qd7 12. Nxd4 Nxd4 13. cxd4 Bxb3 14. Qxb3 Nd5 15. Qf3 Qf5 16. Nc4 Nxf4 17. Rfe1 Qd5 18. Qxf4 Qxc4 19. Rac1 Qd5 20. Rc5 Qd8 21. Rc7 g5 22. Qe5 f6 23. Qc5 Kf7 24. d5 Kg6 25. h4 gxh4 26. Re6 h5 27. d6 exd6 28. Qc2+ Kh6 29. Qd2+ Kg6 30. Qd3+ Kh6 31. Qe3+ Kg6 32. Qe4+ Kh6 33. Qf4+ Kg6 34. Rd7 1-0

[Event "Chessable Masters Play In"]
[Site "Chess.com INT"]
[Date "2025.02.17"]
[Round "4"]
[White "Vokhidov, Shamsiddin"]
[Black "Mamedov, Rauf"]
[Result "1-0"]
[WhiteElo "2670"]
[BlackElo "2656"]
[PlyCount "95"]
[EventDate "2025.02.17"]
[EventType "swiss (blitz)"]
[EventRounds "9"]
[EventCountry "USA"]
[SourceTitle "CB08_2025"]
[SourceDate "2025.02.19"]
[SourceVersion "1"]
[SourceVersionDate "2025.02.19"]
[SourceQuality "1"]

1. e4 c5 2. Nf3 d6 3. Bb5+ Bd7 4. Bxd7+ Qxd7 5. c4 g6 6. Nc3 Bg7 7. d4 cxd4 8. Nxd4 Nf6 9. h3 0-0 10. Be3 Rc8 11. b3 Nc6 12. 0-0 Qd8 13. Rc1 Qa5 14. Nxc6 bxc6 15. Re1 Nd7 16. Bd4 Bh6 17. Rc2 Nc5 18. e5 Ne6 19. exd6 Nxd4 20. Qxd4 Bg7 21. Qd2 exd6 22. Ne4 Qxd2 23. Rxd2 Re8 24. Rxd6 Re7 25. Re3 Kf8 26. Nd2 Bh6 27. Rxe7 Kxe7 28. Rd3 a5 29. Ne4 a4 30. g3 axb3 31. axb3 Ra5 32. Kg2 Bg7 33. h4 Be5 34. f4 Bg7 35. Kf3 h5 36. Nd6 Ra1 37. Nc8+ Ke8 38. Nd6+ Ke7 39. c5 Rf1+ 40. Ke2 Rc1 41. Re3+ Kd7 42. b4 f5 43. Rd3 Ke6 44. Nb7 Bc3 45. Nd8+ Kf6 46. Nxc6 Be1 47. b5 Rb1 48. b6 1-0

[Event "EU-ch Blitz"]
[Site "Skopje"]
[Date "2024.12.09"]
[Round "6"]
[White "Costachi, Mihnea"]
[Black "Mamedov, Rauf"]
[Result "0-1"]
[WhiteElo "2464"]
[BlackElo "2656"]
[PlyCount "114"]
[EventDate "2024.12.09"]
[EventType "swiss (blitz)"]
[EventRounds "13"]
[EventCountry "MKD"]
[SourceTitle "CB50_2024"]
[SourceDate "2024.11.01"]
[SourceVersion "1"]
[SourceVersionDate "2024.11.01"]
[SourceQuality "2"]

1. d4 d5 2. c4 e6 3. Nc3 c5 4. cxd5 cxd4 5. Qa4+ Bd7 6. Qxd4 exd5 7. Qxd5 Nf6 8. Qb3 Na6 9. Nf3 Nc5 10. Qd1 Nce4 11. e3 Qa5 12. Bd2 Nxd2 13. Qxd2 Bb4 14. Bd3 Rc8 15. 0-0 Bxc3 16. bxc3 Qxc3 17. Rfc1 Qxd2 18. Rxc8+ Ke7 19. Nxd2 Rxc8 20. Kf1 Be6 21. Ke2 Nd5 22. Kf3 b6 23. a4 a5 24. Bc4 Nb4 25. Bxe6 Kxe6 26. Nb3 Rc3 27. Nd4+ Kf6 28. g4 g6 29. h4 h6 30. Nb5 Rc2 31. Rd1 Ra2 32. Nc3 Ra3 33. Nd5+ Nxd5 34. Rxd5 Rb3 35. Rd7 Rb4 36. Rb7 h5 37. gxh5 gxh5 38. e4 Ke6 39. Ke3 f5 40. f3 fxe4 41. fxe4 Ke5 42. Re7+ Kd6 43. Rh7 Rxa4 44. Rxh5 Ra1 45. Rh7 a4 46. Kd4 b5 47. Rh6+ Kc7 48. Kc5 a3 49. Ra6 a2 50. Ra7+ Kd8 51. Kb6 b4 52. h5 b3 53. h6 Rh1 54. Ra8+ Ke7 55. h7 Rxh7 56. Ra7+ Ke6 57. Rxh7 a1Q 0-1

[Event "EU-ch Blitz"]
[Site "Skopje"]
[Date "2024.12.09"]
[Round "2"]
[White "Kusiak, Matej"]
[Black "Mamedov, Rauf"]
[Result "0-1"]
[WhiteElo "2227"]
[BlackElo "2656"]
[PlyCount "120"]
[EventDate "2024.12.09"]
[EventType "swiss (blitz)"]
[EventRounds "13"]
[EventCountry "MKD"]
[SourceTitle "CB50_2024"]
[SourceDate "2024.11.01"]
[SourceVersion "1"]
[SourceVersionDate "2024.11.01"]
[SourceQuality "2"]

1. e4 c5 2. Nf3 Nc6 3. d4 cxd4 4. Nxd4 g6 5. c4 Bg7 6. Be3 Qb6 7. Nb5 Qa5+ 8. N5c3 Nf6 9. f3 0-0 10. Be2 d6 11. 0-0 Be6 12. Nd2 Rfc8 13. Rc1 Ne5 14. b3 a6 15. Nd5 Bxd5 16. exd5 Qxa2 17. Ra1 Qb2 18. h3 Qc3 19. Bf2 Nd3 20. Bxd3 Qxd3 21. Ra2 Qf5 22. Re1 Re8 23. Ne4 Nxe4 24. Rxe4 Bf6 25. b4 Rac8 26. c5 Red8 27. g4 Qd7 28. Rd2 a5 29. c6 bxc6 30. bxa5 c5 31. Ra2 Ra8 32. a6 Ra7 33. Rea4 Rda8 34. Qd3 Rb8 35. Kg2 Rb6 36. h4 e6 37. dxe6 Qxe6 38. Re2 Qd7 39. Rea2 Be5 40. Qd5 Qe6 41. Qe4 d5 42. Qd3 d4 43. Qe4 Bf6 44. Qc2 Rbxa6 45. Rxa6 Rxa6 46. Rxa6 Qxa6 47. Qxc5 Qe2 48. g5 Bg7 49. Qd5 d3 50. Qd8+ Bf8 51. Kg3 d2 52. Bc5 Qe5+ 53. f4 Qxc5 54. Qxd2 Qf5 55. Qe3 h5 56. gxh6 Bxh6 57. Qd4 Bg7 58. Qd6 Bf6 59. Qb8+ Kg7 60. Qd6 Qh5 0-1

[Event "EU-ch Blitz"]
[Site "Skopje"]
[Date "2024.12.09"]
[Round "9"]
[White "Mamedov, Rauf"]
[Black "Paichadze, Luka"]
[Result "1-0"]
[WhiteElo "2656"]
[BlackElo "2532"]
[PlyCount "59"]
[EventDate "2024.12.09"]
[EventType "swiss (blitz)"]
[EventRounds "13"]
[EventCountry "MKD"]
[SourceTitle "CB50_2024"]
[SourceDate "2024.11.01"]
[SourceVersion "1"]
[SourceVersionDate "2024.11.01"]
[SourceQuality "2"]

1. e4 c6 2. Nf3 d5 3. e5 c5 4. c4 d4 5. g3 e6 6. Bg2 Bd7 7. 0-0 Bc6 8. d3 Nd7 9. Nbd2 Ne7 10. a3 a5 11. Rb1 a4 12. Re1 Ng6 13. h4 Qc7 14. Qe2 h5 15. Ne4 Ndxe5 16. Nxe5 Qxe5 17. f4 Qc7 18. f5 Ne5 19. fxe6 f6 20. Bf4 Be7 21. b4 axb3 22. Rxb3 Ra6 23. Ng5 Bxg2 24. Qxg2 Qa5 25. Rf1 Nc6 26. Nf7 0-0 27. Rxb7 Re8 28. Qe4 Nd8 29. Nh6+ gxh6 30. Qg6+ 1-0

[Event "EU-ch Rapid"]
[Site "Skopje"]
[Date "2024.12.08"]
[Round "10"]
[White "Mamedov, Rauf"]
[Black "Dragnev, Valentin"]
[Result "0-1"]
[WhiteElo "2656"]
[BlackElo "2563"]
[PlyCount "108"]
[EventDate "2024.12.07"]
[EventType "swiss (rapid)"]
[EventRounds "11"]
[EventCountry "MKD"]
[SourceTitle "CB50_2024"]
[SourceDate "2024.11.01"]
[SourceVersion "1"]
[SourceVersionDate "2024.11.01"]
[SourceQuality "2"]

1. e4 c6 2. Nf3 d5 3. e5 Bg4 4. Be2 e6 5. 0-0 Ne7 6. d4 Nd7 7. Nbd2 c5 8. c4 dxc4 9. Nxc4 Nc6 10. Bg5 Qc7 11. d5 exd5 12. Qxd5 Be6 13. Qe4 h6 14. Bf4 0-0-0 15. Rfd1 g5 16. Bg3 Rg8 17. Nd6+ Bxd6 18. exd6 Qb6 19. b4 cxb4 20. Rac1 Kb8 21. Bc4 Bxc4 22. Rxc4 Qb5 23. a4 Qxa4 24. Rdc1 Rge8 25. Qf5 Na5 26. Rc7 b3 27. h3 Qe4 28. Qb5 a6 29. Qxa5 b2 30. Nd2 bxc1Q+ 31. Rxc1 Qd3 32. Qc7+ Ka8 33. Nc4 f5 34. f3 Qb3 35. Bf2 g4 36. hxg4 fxg4 37. fxg4 Qb5 38. Na3 Qd5 39. Nc4 Qb5 40. Na3 Qd5 41. Bh4 Qd4+ 42. Bf2 Qxg4 43. Nc4 Rg8 44. g3 Qf3 45. Rc3 Qd1+ 46. Kh2 Qh5+ 47. Kg1 Qd1+ 48. Kh2 Rdf8 49. Rc2 Qh5+ 50. Kg2 Qd5+ 51. Kh2 Qh5+ 52. Kg2 Qf3+ 53. Kh2 Rg5 54. Kg1 Rh5 0-1

[Event "EU-ch Rapid"]
[Site "Skopje"]
[Date "2024.12.08"]
[Round "8"]
[White "Mamedov, Rauf"]
[Black "Horvath, Dominik"]
[Result "0-1"]
[WhiteElo "2656"]
[BlackElo "2542"]
[PlyCount "98"]
[EventDate "2024.12.07"]
[EventType "swiss (rapid)"]
[EventRounds "11"]
[EventCountry "MKD"]
[SourceTitle "CB50_2024"]
[SourceDate "2024.11.01"]
[SourceVersion "1"]
[SourceVersionDate "2024.11.01"]
[SourceQuality "2"]

1. e4 e5 2. Nf3 Nc6 3. Bb5 a6 4. Ba4 Nge7 5. Nc3 Ng6 6. a3 Bc5 7. d3 Nd4 8. Nxd4 Bxd4 9. Ne2 Ba7 10. Ng3 0-0 11. 0-0 d5 12. exd5 Qxd5 13. Bb3 Qc6 14. Be3 Nh4 15. Ne4 Qg6 16. Ng3 Bg4 17. Qc1 Be2 18. Re1 Qc6 19. Ne4 Qg6 20. Ng3 Qc6 21. f3 Bxf3 22. Bxa7 Bxg2 23. Bf2 Nf3+ 24. Kxg2 Nxe1+ 25. Kf1 Nf3 26. Ne4 Kh8 27. Qe3 Nd4 28. Ng3 Nxb3 29. cxb3 Qb5 30. Rc1 f5 31. Ne2 Rad8 32. Rc3 Qd5 33. Rxc7 f4 34. Qe4 Qxe4 35. dxe4 Rd1+ 36. Be1 f3 37. Nc3 Rc1 38. Kf2 Rc2+ 39. Ke3 f2 40. Bxf2 Rcxf2 41. Kd3 b5 42. Nd5 Rxb2 43. Kc3 Rxh2 44. Ra7 Rh6 45. Kb4 g5 46. Ne3 Rg6 47. Ng4 Rf4 48. Ra8+ Rg8 49. Rxg8+ Kxg8 0-1

[Event "EU-ch Rapid"]
[Site "Skopje"]
[Date "2024.12.08"]
[Round "9"]
[White "Papasimakopoulos, Alexandros"]
[Black "Mamedov, Rauf"]
[Result "0-1"]
[WhiteElo "2379"]
[BlackElo "2656"]
[PlyCount "56"]
[EventDate "2024.12.07"]
[EventType "swiss (rapid)"]
[EventRounds "11"]
[EventCountry "MKD"]
[SourceTitle "CB50_2024"]
[SourceDate "2024.11.01"]
[SourceVersion "1"]
[SourceVersionDate "2024.11.01"]
[SourceQuality "2"]

1. d4 d6 2. Nf3 g6 3. c4 Bg7 4. Nc3 Nf6 5. Bg5 h6 6. Bh4 Nc6 7. d5 Nb8 8. h3 e5 9. dxe6 Bxe6 10. e3 Nc6 11. Be2 0-0 12. 0-0 Re8 13. Nd4 Nxd4 14. exd4 c6 15. Qd2 Ne4 16. Bxd8 Nxd2 17. Rfd1 Nxc4 18. Bxc4 Bxc4 19. Bh4 f5 20. Bg3 Rad8 21. Rac1 Bf7 22. f3 b5 23. b3 b4 24. Na4 Re2 25. Rxc6 Rxa2 26. d5 Be8 27. Bxd6 Bxc6 28. dxc6 Rc2 0-1

[Event "EU-ch Rapid"]
[Site "Skopje"]
[Date "2024.12.07"]
[Round "5"]
[White "Domingo Nunez, Ruben"]
[Black "Mamedov, Rauf"]
[Result "1/2-1/2"]
[WhiteElo "2409"]
[BlackElo "2656"]
[PlyCount "75"]
[EventDate "2024.12.07"]
[EventType "swiss (rapid)"]
[EventRounds "11"]
[EventCountry "MKD"]
[SourceTitle "CB50_2024"]
[SourceDate "2024.11.01"]
[SourceVersion "1"]
[SourceVersionDate "2024.11.01"]
[SourceQuality "2"]

1. e4 c5 2. d4 cxd4 3. c3 Nf6 4. e5 Nd5 5. Nf3 d6 6. Qxd4 e6 7. Nbd2 Nc6 8. Bb5 Bd7 9. Bxc6 Bxc6 10. Nc4 dxe5 11. Ncxe5 h6 12. 0-0 Qb6 13. Nxc6 bxc6 14. Qa4 Be7 15. c4 Nf6 16. b4 0-0 17. Rb1 Qc7 18. Bb2 Nd7 19. b5 a6 20. bxc6 Nc5 21. Qc2 Qxc6 22. Ne5 Qc7 23. Ng4 h5 24. Ne5 Rfd8 25. Qe2 Bf6 26. Qxh5 Ne4 27. Nf3 Qxc4 28. Bxf6 Nxf6 29. Qxf7+ Kxf7 30. Ne5+ Kg8 31. Nxc4 Rac8 32. Rfc1 Nd5 33. g3 Rc5 34. Ne3 Rxc1+ 35. Rxc1 Nxe3 36. fxe3 Rd2 37. Rc6 Rxa2 38. Rxe6 1/2-1/2

[Event "EU-ch Rapid"]
[Site "Skopje"]
[Date "2024.12.07"]
[Round "2"]
[White "Mamedov, Rauf"]
[Black "Ribeiro, Gustavo"]
[Result "1-0"]
[WhiteElo "2656"]
[BlackElo "2241"]
[PlyCount "149"]
[EventDate "2024.12.07"]
[EventType "swiss (rapid)"]
[EventRounds "11"]
[EventCountry "MKD"]
[SourceTitle "CB50_2024"]
[SourceDate "2024.11.01"]
[SourceVersion "1"]
[SourceVersionDate "2024.11.01"]
[SourceQuality "2"]

1. e4 e5 2. Nf3 Nc6 3. Bb5 a6 4. Ba4 Nf6 5. Nc3 b5 6. Bb3 Bc5 7. Nd5 0-0 8. 0-0 Nxe4 9. c3 Nf6 10. d4 Nxd5 11. Bxd5 exd4 12. Ng5 Qf6 13. Be4 g6 14. Nxh7 Kxh7 15. Qh5+ Kg8 16. Qxc5 Re8 17. Bxc6 Qxc6 18. Qxd4 Bb7 19. f3 Qb6 20. Qxb6 cxb6 21. Kf2 b4 22. Bd2 Rac8 23. Rac1 Bd5 24. cxb4 Bxa2 25. Bc3 Re6 26. Rfd1 d5 27. Bd4 Rc4 28. Ra1 Rc2+ 29. Kg3 Bc4 30. Rac1 Rxc1 31. Rxc1 f6 32. Rc3 Kf7 33. h4 Rc6 34. Kf4 a5 35. bxa5 bxa5 36. g4 a4 37. g5 fxg5+ 38. hxg5 Bb5 39. Re3 Re6 40. Ra3 Re1 41. Bf6 Ke8 42. b3 axb3 43. Rxb3 Bc4 44. Rb7 Bd3 45. Rb6 Bf5 46. Rd6 Be6 47. Rd8+ Kf7 48. Rh8 Bf5 49. Bd4 Ke7 50. Rb8 Kd7 51. Rb6 Re6 52. Rb5 Kc6 53. Rc5+ Kd6 54. Ra5 Kc6 55. Rc5+ Kd6 56. Rc1 Re8 57. Rc3 Rc8 58. Ra3 Kc6 59. Ra5 Re8 60. Rc5+ Kd6 61. Rb5 Re1 62. Rb6+ Kc7 63. Rf6 Bc2 64. Be5+ Kb7 65. Rd6 Rd1 66. Rd8 Bf5 67. Rd6 Bc2 68. Rf6 Rf1 69. Ke3 Re1+ 70. Kd4 Rd1+ 71. Kc5 Bb1 72. Rb6+ Kc8 73. Kd6 Rh1 74. Ke7 Rh7+ 75. Ke8 1-0

[Event "EU-ch 24th"]
[Site "Petrovac"]
[Date "2024.11.17"]
[Round "9"]
[White "Mamedov, Rauf"]
[Black "Vocaturo, Daniele"]
[Result "1/2-1/2"]
[WhiteElo "2651"]
[BlackElo "2597"]
[PlyCount "53"]
[EventDate "2024.11.08"]
[EventType "swiss"]
[EventRounds "11"]
[EventCountry "MNE"]
[SourceTitle "CB47_2024"]
[SourceDate "2024.11.20"]
[SourceVersion "1"]
[SourceVersionDate "2024.11.20"]
[SourceQuality "1"]

1. e4 e5 2. Nf3 Nf6 3. Nxe5 d6 4. Nf3 Nxe4 5. d4 d5 6. Bd3 Be7 7. 0-0 Nc6 8. Re1 Bg4 9. c4 Nf6 10. cxd5 Nxd5 11. Nc3 0-0 12. h3 Be6 13. a3 Re8 14. Qc2 h6 15. Be3 Bf8 16. Rad1 a6 17. Bc1 Nxc3 18. bxc3 Bd5 19. Ne5 b5 20. a4 Nxe5 21. dxe5 c6 22. c4 bxc4 23. Bxc4 Qa5 24. Bxd5 cxd5 25. Qc6 Rac8 26. Qxd5 Qxa4 27. Be3 1/2-1/2

[Event "EU-ch 24th"]
[Site "Petrovac"]
[Date "2024.11.15"]
[Round "7"]
[White "Mamedov, Rauf"]
[Black "Kourkoulos Arditis, Stamatis"]
[Result "1-0"]
[WhiteElo "2651"]
[BlackElo "2575"]
[PlyCount "49"]
[EventDate "2024.11.08"]
[EventType "swiss"]
[EventRounds "11"]
[EventCountry "MNE"]
[SourceTitle "CB47_2024"]
[SourceDate "2024.11.20"]
[SourceVersion "1"]
[SourceVersionDate "2024.11.20"]
[SourceQuality "1"]

1. e4 e5 2. Nf3 Nc6 3. Bc4 Nf6 4. d3 Bc5 5. c3 a5 6. 0-0 d6 7. Re1 0-0 8. h3 h6 9. Nbd2 a4 10. Nf1 Bd7 11. d4 Bb6 12. Ng3 Re8 13. Be3 exd4 14. Bxd4 Nxd4 15. cxd4 Nh7 16. e5 Ra5 17. b4 Ra8 18. Qd3 Ng5 19. Rad1 Rb8 20. Nh5 dxe5 21. Nxe5 Be6 22. h4 Nh3+ 23. gxh3 Qxh4 24. Bxe6 Rxe6 25. Qf3 1-0

[Event "EU-ch 24th"]
[Site "Petrovac"]
[Date "2024.11.12"]
[Round "5"]
[White "Mamedov, Rauf"]
[Black "Dardha, Daniel"]
[Result "1/2-1/2"]
[WhiteElo "2651"]
[BlackElo "2606"]
[PlyCount "67"]
[EventDate "2024.11.08"]
[EventType "swiss"]
[EventRounds "11"]
[EventCountry "MNE"]
[SourceTitle "CB47_2024"]
[SourceDate "2024.11.20"]
[SourceVersion "1"]
[SourceVersionDate "2024.11.20"]
[SourceQuality "1"]

1. Nf3 d5 2. g3 g6 3. Bg2 Bg7 4. d4 Nf6 5. 0-0 0-0 6. c4 dxc4 7. Na3 c5 8. dxc5 c3 9. Nb5 Na6 10. Nxc3 Nxc5 11. Be3 Nfe4 12. Nxe4 Nxe4 13. Bd4 Bf5 14. Rc1 Qa5 15. Bxg7 Kxg7 16. Qd4+ Nf6 17. Qe5 Qxe5 18. Nxe5 Rad8 19. Rc7 Rd2 20. Rxb7 Rxe2 21. Nc6 Rc8 22. Nxe7 Rcc2 23. Nxf5+ gxf5 24. Rxa7 Rxb2 25. Ra5 Kg6 26. a4 Ra2 27. Bf3 Red2 28. Ra6 Kg7 29. Ra5 Kg6 30. h4 h5 31. Ra6 Kg7 32. Ra5 Kg6 33. Ra6 Kg7 34. Ra5 1/2-1/2